000 00190nam a22000977a 4500
999 _c12436
_d12436
020 _a9780201590982
082 _a005.75
100 _aWon Kim
245 _aModern Database System
942 _cBK